[Event "Czech Open A 2013"]
[Site "Pardubice CZE"]
[Date "2013.07.22"]
[Round "4.5"]
[White "Kononenko,Dmitry1"]
[Black "Matsenko,S"]
[Result "1-0"]
[WhiteElo "2610"]
[BlackElo "2458"]
[EventDate "2013.07.19"]

1. e4 e6 2. d3 d5 3. Qe2 Nf6 4. Nf3 Be7 5. g3 c5 6. Bg2 Nc6 7. O-O O-O 8. e5 Nd7
9. c4 d4 10. h4 a6 11. Bf4 b5 12. b3 Bb7 13. Nbd2 bxc4 14. bxc4 Nb6 15. Ne4 Na4
16. Rfc1 Rb8 17. Qd1 Nb6 18. h5 h6 19. Qd2 Kh7 20. g4 Nb4 21. Qe2 Na4 22. a3 Nc6
23. Rab1 Ba8 24. Qc2 Rxb1 25. Rxb1 Nc3 26. Nxc3 dxc3 27. Qxc3 f5 28. exf6 Bxf6
29. Qd2 Nd4 30. Rb8 Nxf3+ 31. Bxf3 Bxf3 32. Rxd8 Rxd8 33. g5 hxg5 34. Bxg5 Rd4
35. Bxf6 gxf6 36. Qe3 Bg4 37. Qg3 e5 38. Qg2 Bxh5 39. Qc6 Kg6 40. Qxc5 Bf3 41.
Kh2 Rxd3 42. a4 Kf5 43. Qc8+ Kf4 44. Qxa6 f5 45. Qh6+ Ke4 46. Qb6 f4 47. a5 Kf5
48. Qb1 Be4 49. Qf1 Ra3 50. Qd1 Rxa5 51. Qd7+ Kg6 52. Qd6+ Kf5 53. Qd7+ Kg6 54.
Qe6+ Kh5 55. f3 Bg6 56. Kh3 Kh6 57. Qf6 Kh7 58. Qe7+ Kh6 59. Qf6 Kh7 60. Kh4 e4
61. fxe4 f3 62. Kg3 Ra7 63. Qh4+ Kg7 64. Kxf3 Rc7 65. e5 Rc6 66. Qg4 Kf8 67. c5
Ke7 68. Qb4 Be8 69. Ke4 Ke6 70. Qb8 Ke7 71. Kd5 Rg6 72. Qc8 Bf7+ 73. Ke4 Be8 74.
Qb7+ Bd7 75. Kd5 Rh6 76. Qa7 Rg6 77. Qa8 Rh6 78. Qb7 Rg6 79. Qa7 Rh6 80. Qa8 Rg6
81. Qh8 Be8 82. Qh4+ Kd7 83. Qh7+ Kd8 84. e6 Rg1 85. Qh4+ Kc8 86. Kd6 Rc1 87.
Qh8 1-0

[Event "Czech Open A 2013"]
[Site "Pardubice CZE"]
[Date "2013.07.22"]
[Round "4.6"]
[White "Gavrilov,Al1"]
[Black "Schlosser,P"]
[Result "0-1"]
[WhiteElo "2452"]
[BlackElo "2602"]
[EventDate "2013.07.19"]

1. d4 Nf6 2. c4 e6 3. Nf3 b6 4. g3 Ba6 5. Qa4 Bb7 6. Bg2 c5 7. dxc5 bxc5 8. O-O
Be7 9. Nc3 O-O 10. Rd1 Qb6 11. Bf4 d6 12. Rab1 Nbd7 13. b4 Rfb8 14. a3 a6 15.
Qc2 Qc7 16. Nd2 Bxg2 17. Kxg2 h6 18. h4 cxb4 19. axb4 e5 20. Be3 d5 21. cxd5
Bxb4 22. Rbc1 Bxc3 23. Qxc3 Qb7 24. Nf3 Nxd5 25. Qa3 N7f6 26. Rc5 e4 27. Nd4 Rc8
28. Nf5 Rxc5 29. Qxc5 Rc8 30. Qd6 Kh7 31. Bd4 Qc6 32. Ba1 Qxd6 33. Nxd6 Rc2 34.
Kf1 Kg6 35. Be5 a5 36. Nxe4 Ne3+ 37. fxe3 Nxe4 38. Ra1 f6 39. Bf4 Rc5 40. Kg2
Kf5 41. Kf3 Nd2+ 42. Kg2 g5 43. hxg5 hxg5 44. Bd6 Rb5 45. Bc7 Nc4 46. Bd8 Nxe3+
47. Kf3 Nc4 48. e4+ Kg6 49. Ke2 Rb3 50. Bc7 Rc3 51. Ra2 Kh5 52. Kf2 Kg4 53. Bxa5
Rf3+ 54. Ke2 Rxg3 55. Kf2 Rf3+ 56. Kg1 Kf4 57. Bd8 Kxe4 58. Ra4 Kd5 59. Kg2 Rf4
60. Kg3 f5 61. Rb4 Rg4+ 62. Kh3 Rh4+ 63. Kg3 Rd4 64. Bf6 Rd3+ 65. Kf2 g4 66. Bg5
Nd6 67. Bf4 Kc5 68. Ra4 Ne4+ 69. Kg2 Kb5 70. Ra2 Rf3 71. Bb8 Kc4 72. Ra5 Kd3 73.
Ra3+ Ke2 74. Ra2+ Nd2 75. Bc7 f4 76. Bd6 Rg3+ 77. Kh1 Rh3+ 78. Kg1 f3 79. Bc5 g3
80. Ra1 g2 0-1

[Event "Czech Open A 2013"]
[Site "Pardubice CZE"]
[Date "2013.07.22"]
[Round "4.7"]
[White "Plat,V"]
[Black "Vorobiov,E"]
[Result "1/2-1/2"]
[WhiteElo "2447"]
[BlackElo "2585"]
[EventDate "2013.07.19"]

1. e4 c5 2. Nf3 Nc6 3. c3 Nf6 4. e5 Nd5 5. Bc4 Nb6 6. Be2 g6 7. d4 cxd4 8. cxd4
Bg7 9. Nc3 O-O 10. O-O d6 11. Bf4 dxe5 12. dxe5 Bg4 13. h3 Bxf3 1/2-1/2

[Event "Czech Open A 2013"]
[Site "Pardubice CZE"]
[Date "2013.07.22"]
[Round "4.8"]
[White "Petr,Ma"]
[Black "Sundararajan,K"]
[Result "1/2-1/2"]
[WhiteElo "2523"]
[BlackElo "2435"]
[EventDate "2013.07.19"]

1. e4 c6 2. d4 d5 3. exd5 cxd5 4. c4 Nf6 5. Nc3 e6 6. Nf3 Bb4 7. cxd5 Nxd5 8.
Bd2 Nc6 9. Bd3 Be7 10. O-O O-O 11. Re1 Bf6 12. Qe2 Nce7 13. Ne5 b6 14. Qe4 g6
15. Bh6 Bg7 16. Bxg7 Kxg7 17. Ng4 Qd6 18. Nxd5 Nxd5 19. Qe5+ 1/2-1/2

[Event "Czech Open A 2013"]
[Site "Pardubice CZE"]
[Date "2013.07.22"]
[Round "4.9"]
[White "Neuman,P"]
[Black "Rojicek,V"]
[Result "0-1"]
[WhiteElo "2522"]
[BlackElo "2413"]
[EventDate "2013.07.19"]

1. c4 Nf6 2. Nc3 g6 3. g3 Bg7 4. Bg2 O-O 5. d4 d6 6. Nf3 Nc6 7. O-O a6 8. Qd3
Bd7 9. d5 Nb4 10. Qd2 a5 11. Nd4 Qc8 12. b3 c5 13. dxc6 bxc6 14. Rd1 c5 15. Ndb5
Bc6 16. Bb2 Bxg2 17. Kxg2 Qf5 18. f3 Qc2 19. e3 Nd7 20. Rac1 Qxd2+ 21. Rxd2 a4
22. a3 Nc6 23. Nxa4 Na5 24. Bxg7 Kxg7 25. Rc3 Nxb3 26. Rxb3 Rxa4 27. Nc3 Rxc4
28. Kf2 Rb8 29. Rxb8 Nxb8 30. Nd5 Nc6 0-1

[Event "Czech Open A 2013"]
[Site "Pardubice CZE"]
[Date "2013.07.22"]
[Round "4.10"]
[White "Semcesen,D"]
[Black "Stefansson,H"]
[Result "1/2-1/2"]
[WhiteElo "2447"]
[BlackElo "2522"]
[EventDate "2013.07.19"]

1. d4 Nf6 2. c4 e6 3. Nc3 Bb4 4. a3 Bxc3+ 5. bxc3 c5 6. e3 d5 7. cxd5 exd5 8.
Bd3 Bg4 9. f3 Bh5 10. Ne2 Bg6 11. O-O O-O 12. Ng3 Nc6 13. Rb1 b6 14. Rb2 Re8 15.
Re2 Rc8 16. Bb2 Qd7 17. Bxg6 hxg6 18. e4 cxd4 19. cxd4 Na5 20. Qd3 Nc4 21. e5
Nh5 22. Nxh5 gxh5 23. Bc1 Qe6 24. h3 f5 25. g4 hxg4 26. fxg4 fxg4 27. Rg2 Rf8
28. Rxg4 Rxf1+ 29. Qxf1 Qf7 30. Rf4 Qe6 31. Rg4 Qf7 32. Rf4 Qe6 1/2-1/2

[Event "Czech Open A 2013"]
[Site "Pardubice CZE"]
[Date "2013.07.22"]
[Round "4.11"]
[White "Ponizil,C"]
[Black "Teske,H"]
[Result "0-1"]
[WhiteElo "2402"]
[BlackElo "2517"]
[EventDate "2013.07.19"]

1. e4 c5 2. Nf3 e6 3. d4 cxd4 4. Nxd4 Nc6 5. Nc3 Qc7 6. Be3 a6 7. Bd3 Nf6 8. O-O
b5 9. Nxc6 Qxc6 10. f3 Bb7 11. Qe2 b4 12. Nb1 d5 13. Nd2 Bd6 14. Bd4 Bc5 15. Qf2
Be7 16. e5 Nd7 17. f4 g6 18. c3 Nc5 19. Bc2 bxc3 20. bxc3 O-O 21. Rab1 a5 22. g4
Nd7 23. f5 f6 24. exf6 Rxf6 25. g5 Rxf5 26. Bxf5 gxf5 27. Nf3 Ba6 28. Rfe1 Bd3
29. Ne5 Nxe5 30. Rb6 Qxb6 31. Bxb6 Be4 32. Re3 Rb8 33. Rh3 Ng4 34. Qh4 h6 35.
Qh5 Rxb6 36. Qe8+ Bf8 37. Qg6+ Bg7 38. Qe8+ Bf8 39. Qg6+ Kh8 40. Kf1 f4 41. Qe8
Kg8 42. g6 Ne5 43. Rh5 Bxg6 0-1

[Event "Czech Open A 2013"]
[Site "Pardubice CZE"]
[Date "2013.07.22"]
[Round "4.12"]
[White "Stukopin,A"]
[Black "Yagupov,I"]
[Result "1/2-1/2"]
[WhiteElo "2517"]
[BlackElo "2389"]
[EventDate "2013.07.19"]

1. e4 c5 2. Nf3 e6 3. d4 cxd4 4. Nxd4 Nc6 5. Nc3 Nf6 6. Nxc6 bxc6 7. e5 Nd5 8.
Ne4 Qc7 9. f4 Qb6 10. c4 Bb4+ 11. Ke2 f5 12. Nf2 Ba6 13. Kf3 Ne7 14. Be3 Bc5 15.
Bxc5 Qxc5 16. Qd6 Qxd6 17. exd6 Ng6 18. Re1 O-O 19. b3 c5 20. Nd3 Rfc8 21. Be2 1/2-1/2

[Event "Czech Open A 2013"]
[Site "Pardubice CZE"]
[Date "2013.07.22"]
[Round "4.13"]
[White "Talla,V"]
[Black "Chernyshov,K"]
[Result "0-1"]
[WhiteElo "2394"]
[BlackElo "2514"]
[EventDate "2013.07.19"]

1. d4 d6 2. e4 c6 3. c4 g6 4. Nc3 Bg7 5. Be3 Nf6 6. f3 O-O 7. Nge2 a6 8. c5 b6
9. cxd6 exd6 10. Nf4 Re8 11. Be2 g5 12. Nh3 Bxh3 13. gxh3 Nd5 14. Nxd5 cxd5 15.
Qd2 dxe4 16. fxe4 Rxe4 17. Bf3 Qe8 18. O-O-O Rxe3 19. Bxa8 Nc6 20. Bxc6 Qxc6+
21. Qc2 Qxc2+ 22. Kxc2 Rxh3 23. Rd3 Rh4 24. Kc3 g4 25. Kd2 f5 26. Ke2 f4 27. Kf2
Kf7 28. Kg2 h5 29. h3 Kg6 30. Rdd1 Kg5 31. Kf2 d5 32. Ke2 Bf6 33. Kf2 Kf5 34.
hxg4+ hxg4 35. Ke2 Ke4 36. Rxh4 f3+ 0-1

[Event "Czech Open A 2013"]
[Site "Pardubice CZE"]
[Date "2013.07.22"]
[Round "4.14"]
[White "Shyam,SM"]
[Black "Repka,C"]
[Result "1-0"]
[WhiteElo "2505"]
[BlackElo "2361"]
[EventDate "2013.07.19"]

1. c4 e5 2. g3 Nc6 3. Nc3 Nf6 4. Bg2 Bc5 5. Nf3 d6 6. d3 O-O 7. O-O Bf5 8. a3 a5
9. Bg5 h6 10. Bh4 g5 11. Nxg5 hxg5 12. Bxg5 d5 13. Nxd5 Be7 14. Nxe7+ Qxe7 15.
e3 Qe6 16. d4 Nh7 17. d5 Qg6 18. Bh4 Nb8 19. Re1 e4 20. f4 exf3 21. Qxf3 Nd7 22.
e4 Qb6+ 23. Qe3 Bg6 24. Qxb6 Nxb6 25. c5 Nc4 26. e5 Nxb2 27. d6 Nd3 28. Bxb7
Rab8 29. c6 cxd6 30. exd6 Nxe1 31. Rxe1 f6 32. d7 Bf5 33. c7 Bxd7 34. Bd5+ Kh8
35. cxb8=Q Rxb8 36. Re7 Bg4 37. Ra7 Rb5 38. Bc4 Rc5 39. Ra8+ Kg7 40. Rg8+ Kh6
41. Rxg4 1-0

[Event "Czech Open A 2013"]
[Site "Pardubice CZE"]
[Date "2013.07.22"]
[Round "4.15"]
[White "Mozharov,M"]
[Black "Farkas,Ga1"]
[Result "1-0"]
[WhiteElo "2495"]
[BlackElo "2359"]
[EventDate "2013.07.19"]

1. c4 e5 2. g3 Nc6 3. Bg2 Nf6 4. Nc3 Bb4 5. d3 Bxc3+ 6. bxc3 O-O 7. e4 d6 8. Ne2
Ne8 9. O-O f5 10. exf5 Bxf5 11. h3 Be6 12. f4 Qd7 13. g4 g6 14. Ng3 Ng7 15. Ne4
Kh8 16. fxe5 Rxf1+ 17. Qxf1 Nxe5 18. Bh6 Qf7 19. Qe2 Rf8 20. Ng5 Qd7 21. Rf1
Rxf1+ 22. Qxf1 Bg8 23. Qf6 c6 24. c5 Nxd3 25. cxd6 Nc5 26. Qe5 Nd3 27. Bxg7+ 1-0

[Event "Czech Open A 2013"]
[Site "Pardubice CZE"]
[Date "2013.07.22"]
[Round "4.16"]
[White "Zubritskiy,A"]
[Black "Debashis,D"]
[Result "0-1"]
[WhiteElo "2320"]
[BlackElo "2478"]
[EventDate "2013.07.19"]

1. d4 Nf6 2. c4 e6 3. g3 d5 4. Bg2 Bb4+ 5. Bd2 Be7 6. Nf3 O-O 7. O-O c6 8. b3 b6
9. Qc2 Ba6 10. Bf4 Nbd7 11. Nbd2 Nh5 12. e4 Nxf4 13. gxf4 Rc8 14. Rfe1 Nf6 15.
exd5 exd5 16. Ne5 Nh5 17. Qf5 g6 18. Qg4 Rc7 19. Nf1 Bb4 20. Red1 Bc8 21. Qf3
Qf6 22. cxd5 cxd5 23. Ne3 Nxf4 24. Nd3 Nh3+ 25. Kf1 Qxf3 26. Bxf3 Bd6 27. Nxd5
Rc2 28. Ne3 Rc3 29. Nd5 Rxd3 30. Rxd3 Ba6 31. Kg2 Bxd3 32. Kxh3 Rc8 33. Rd1 Bf5+
34. Kg2 b5 35. Ne3 Bd7 36. Bb7 Rc7 37. Bf3 Kg7 38. h3 Rc3 39. Re1 h5 40. Rd1 a5
41. Rb1 h4 42. Bg4 f5 43. Bf3 g5 44. Re1 g4 45. hxg4 f4 0-1

[Event "Czech Open A 2013"]
[Site "Pardubice CZE"]
[Date "2013.07.22"]
[Round "4.17"]
[White "Gutman,G"]
[Black "Pagerka,M"]
[Result "1-0"]
[WhiteElo "2477"]
[BlackElo "2213"]
[EventDate "2013.07.19"]

1. d4 Nf6 2. Nf3 e6 3. c4 Bb4+ 4. Bd2 c5 5. Bxb4 cxb4 6. g3 d6 7. Bg2 O-O 8. O-O
Nc6 9. Nbd2 Qe7 10. e4 e5 11. d5 Nb8 12. a3 Na6 13. Ne1 Qc7 14. Nd3 Bg4 15. f3
Bh5 16. Kh1 bxa3 17. b4 Qb6 18. Qb3 Qe3 19. Qc2 Rac8 20. Rfe1 Qd4 21. Rxa3 g5
22. Qc3 Qb6 23. Qb2 Bg6 24. Rc3 h5 25. c5 dxc5 26. Nc4 Qd8 27. b5 Nb4 28. Ndxe5
Bh7 29. Qd2 Ne8 30. d6 Rb8 31. Bh3 g4 32. fxg4 f6 33. Nf3 Qd7 34. e5 Ng7 35. e6
Nxe6 36. g5 f5 37. Rce3 Rbe8 38. Nce5 Qg7 39. g6 Bxg6 40. Nxg6 Qxg6 41. d7 Re7
42. Qd6 1-0

[Event "Czech Open A 2013"]
[Site "Pardubice CZE"]
[Date "2013.07.22"]
[Round "4.18"]
[White "Simantsev,M"]
[Black "Tomazini,Z"]
[Result "1-0"]
[WhiteElo "2473"]
[BlackElo "2344"]
[EventDate "2013.07.19"]

1. d4 Nf6 2. c4 Nc6 3. Nf3 e6 4. a3 h6 5. d5 Ne7 6. Nc3 d6 7. dxe6 Bxe6 8. Nd4
Bd7 9. e4 g6 10. Be2 Bg7 11. O-O O-O 12. Be3 Nc6 13. Nxc6 Bxc6 14. f3 a5 15. Qd2
Kh7 16. b4 Re8 17. Rad1 axb4 18. axb4 Ra3 19. Bd4 Qa8 20. Qb2 Nh5 21. Bxg7 Nxg7
22. Ra1 Qa7+ 23. c5 Ra8 24. Rxa3 Qxa3 25. Qxa3 Rxa3 26. Rc1 dxc5 27. b5 Be8 28.
Nd5 b6 29. Nxc7 Ra7 30. Nd5 Nh5 31. Bc4 Kg7 32. Nxb6 Bxb5 33. Bxb5 Rb7 34. Rxc5
Rxb6 35. g3 Rd6 36. Rc7 Rd1+ 37. Kf2 Rd2+ 38. Ke3 Rxh2 39. g4 Ng3 40. Bc4 h5 41.
Rxf7+ Kh6 42. Kf4 Nxe4 43. fxe4 g5+ 44. Kf3 h4 45. e5 Kg6 46. e6 Rh3+ 47. Ke2 1-0

[Event "Czech Open A 2013"]
[Site "Pardubice CZE"]
[Date "2013.07.22"]
[Round "4.19"]
[White "Babula,V"]
[Black "Karavade,E"]
[Result "1-0"]
[WhiteElo "2583"]
[BlackElo "2398"]
[EventDate "2013.07.19"]

1. d4 Nf6 2. c4 e6 3. Nf3 d5 4. Nc3 Bb4 5. Qa4+ Nc6 6. e3 O-O 7. Qc2 dxc4 8.
Bxc4 e5 9. dxe5 Ng4 10. O-O Ncxe5 11. Nxe5 Nxe5 12. Be2 c6 13. Bd2 Be6 14. Rad1
Qe7 15. f4 Nc4 16. Bc1 f5 17. e4 Bc5+ 18. Kh1 Nb6 19. Bd3 Qf7 20. b3 h6 21. Bb2
Be7 22. Rde1 Rae8 23. h3 fxe4 24. Nxe4 Bf5 25. g4 Bxe4+ 26. Bxe4 Bf6 27. Ba3 c5
28. Bxc5 Be7 29. Bxb6 axb6 30. Bg6 Qd5+ 31. Qg2 1-0

[Event "Czech Open A 2013"]
[Site "Pardubice CZE"]
[Date "2013.07.22"]
[Round "4.20"]
[White "Bernasek,J"]
[Black "Seger,R"]
[Result "1-0"]
[WhiteElo "2551"]
[BlackElo "2393"]
[EventDate "2013.07.19"]

1. d4 Nf6 2. c4 g6 3. Nc3 d5 4. cxd5 Nxd5 5. e4 Nxc3 6. bxc3 Bg7 7. Qa4+ Nd7 8.
Nf3 O-O 9. Bg5 h6 10. Be3 c5 11. Rc1 e6 12. Be2 Nf6 13. Nd2 Bd7 14. Qa3 Qc7 15.
O-O Rfc8 16. f3 Bf8 17. Qb2 Ba4 18. Nc4 b5 19. Ne5 Qa5 20. Bd3 b4 21. cxb4 cxb4
22. Qd2 Qb6 23. d5 Qd6 24. Nc4 Qd7 25. d6 Bb5 26. e5 Nd5 27. Bxh6 Bxh6 28. Qxh6
Nc3 29. Ne3 1-0

[Event "Czech Open A 2013"]
[Site "Pardubice CZE"]
[Date "2013.07.22"]
[Round "4.21"]
[White "Sipila,V"]
[Black "Geller,J"]
[Result "1-0"]
[WhiteElo "2423"]
[BlackElo "2549"]
[EventDate "2013.07.19"]

1. Nf3 d5 2. d4 Nf6 3. c4 e6 4. Nc3 c6 5. Bg5 dxc4 6. e4 b5 7. e5 h6 8. Bh4 g5
9. Nxg5 hxg5 10. Bxg5 Nbd7 11. exf6 Bb7 12. h4 Qb6 13. Qe2 Qxd4 14. Rd1 Qb6 15.
Qc2 O-O-O 16. Be2 Bc5 17. Ne4 Bb4+ 18. Kf1 Ne5 19. Be3 Rxd1+ 20. Qxd1 Qa5 21.
Qb1 Qd8 22. h5 Bf8 23. h6 c5 24. Rh5 Nd3 25. Bxd3 cxd3 26. Nxc5 Bxc5 27. Rxc5+
Kb8 28. Qc1 Qxf6 29. Rxb5 Qh4 30. Kg1 Rc8 31. Bf4+ Ka8 32. Qxc8+ Bxc8 33. Rb8# 1-0

[Event "Czech Open A 2013"]
[Site "Pardubice CZE"]
[Date "2013.07.22"]
[Round "4.22"]
[White "Gonda,L"]
[Black "Kourousis,E"]
[Result "1-0"]
[WhiteElo "2538"]
[BlackElo "2391"]
[EventDate "2013.07.19"]

1. d4 Nf6 2. c4 e6 3. Nc3 Bb4 4. e3 O-O 5. Ne2 c6 6. a3 Ba5 7. b4 Bc7 8. Ng3 a5
9. b5 d6 10. Be2 Nbd7 11. O-O Re8 12. Bb2 Nb6 13. Qc2 h5 14. c5 dxc5 15. dxc5
Nbd5 16. Nge4 Nxe4 17. Nxe4 cxb5 18. Bxb5 Bd7 19. Bxd7 Qxd7 20. Ng5 g6 21. Rfd1
Bd8 22. Nf3 Qe7 23. e4 Nc7 24. Ne5 Na6 25. Nd7 Qg5 26. g3 Rc8 27. h4 Qh6 28.
Rac1 g5 29. Qd2 Qg6 30. Ne5 Qxe4 31. hxg5 Nxc5 32. g6 fxg6 33. Rxc5 Rxc5 34. Qd7
Rf8 35. Qxe6+ Kg7 36. Nd7+ Kh6 37. Qxe4 1-0

[Event "Czech Open A 2013"]
[Site "Pardubice CZE"]
[Date "2013.07.22"]
[Round "4.23"]
[White "Potapov,Alexa1"]
[Black "Mirzoev,A"]
[Result "1/2-1/2"]
[WhiteElo "2389"]
[BlackElo "2536"]
[EventDate "2013.07.19"]

1. d4 d5 2. c4 c6 3. Nf3 Nf6 4. e3 Bf5 5. Qb3 Qc7 6. cxd5 cxd5 7. Nc3 e6 8. Bd2
Nc6 9. Rc1 Be7 10. Bb5 O-O 11. Ne5 Ng4 12. Nxg4 Bxg4 13. Na4 Rfc8 14. O-O Bh5
15. a3 Bd6 16. h3 Qe7 17. Bxc6 bxc6 18. Qd3 Qb7 19. b4 Qb5 20. Qxb5 cxb5 21. Nc5
Be2 22. Rfe1 Bc4 23. Nb7 Bf8 24. f3 f6 25. Kf2 Kf7 26. Rc3 Rc7 27. Na5 h5 28. e4
Rac8 29. Bf4 Rd7 30. e5 h4 31. exf6 gxf6 32. Rce3 Re8 33. Nc6 Bg7 34. g4 hxg3+
35. Kxg3 Bf8 36. h4 Bd6 37. Bxd6 Rxd6 38. Na5 Rb6 39. f4 Rg8+ 40. Kf3 Rh8 41. f5
e5 42. dxe5 fxe5 43. Rxe5 Rxh4 44. Re7+ Kf6 45. Kg3 Rd4 46. R7e6+ Kg5 47. Nc6
Rg4+ 48. Kh3 Rh4+ 49. Kg3 Rg4+ 50. Kh3 Rh4+ 51. Kg3 Rg4+ 1/2-1/2

[Event "Czech Open A 2013"]
[Site "Pardubice CZE"]
[Date "2013.07.22"]
[Round "4.24"]
[White "Druska,J"]
[Black "Lintchevski,D"]
[Result "0-1"]
[WhiteElo "2385"]
[BlackElo "2529"]
[EventDate "2013.07.19"]

1. e4 c6 2. c4 d5 3. cxd5 cxd5 4. exd5 Nf6 5. Nc3 Nxd5 6. Nf3 Nxc3 7. bxc3 Qc7
8. Bb2 Nc6 9. d4 e6 10. Bd3 Be7 11. Qe2 b6 12. O-O O-O 13. h4 Bb7 14. Qe4 g6 15.
Qe3 Na5 16. Qh6 Bxf3 17. gxf3 Bf6 18. Rae1 Rfd8 19. Be4 Rac8 20. h5 Bg7 21. Qg5
h6 22. Qg2 g5 23. Bb1 Qc6 24. Re2 Nc4 25. Bc1 Nd6 26. Bd2 Nb5 27. Be4 Qc4 28.
Bxg5 hxg5 29. Qxg5 Kf8 30. h6 Bh8 31. Re3 Nxc3 32. Bb7 Qxd4 33. Bxc8 Rxc8 34.
Kh2 Bf6 35. Qg3 Ke7 36. Rc1 Rc5 37. Qg4 Qd5 38. Kg2 Qd2 39. Rexc3 Bxc3 0-1

[Event "Czech Open A 2013"]
[Site "Pardubice CZE"]
[Date "2013.07.22"]
[Round "4.25"]
[White "Cvek,R"]
[Black "Akkozov,B"]
[Result "1/2-1/2"]
[WhiteElo "2527"]
[BlackElo "2377"]
[EventDate "2013.07.19"]

1. d4 d5 2. c4 c6 3. Nf3 Nf6 4. e3 a6 5. Nc3 g6 6. Be2 Bg7 7. O-O O-O 8. a4 a5
9. b3 c5 10. cxd5 cxd4 11. Nxd4 Nxd5 12. Nxd5 Qxd5 13. Ba3 Bf6 14. Rc1 Na6 15.
Bf3 Qd8 16. Qe2 Qb6 17. Qb5 Qxb5 18. Nxb5 Rb8 19. Nc3 Be6 20. Ne4 Nb4 21. Nc5
Bc8 22. Rfd1 b6 23. Ne4 Be5 24. Bxb4 axb4 25. Rd5 Bb2 26. Rb1 1/2-1/2

[Event "Czech Open A 2013"]
[Site "Pardubice CZE"]
[Date "2013.07.22"]
[Round "4.26"]
[White "Krejci,Jan2"]
[Black "Vyskocil,N"]
[Result "1-0"]
[WhiteElo "2521"]
[BlackElo "2374"]
[EventDate "2013.07.19"]

1. d4 d5 2. c4 e6 3. Nc3 c5 4. cxd5 exd5 5. Nf3 Nc6 6. g3 Nf6 7. Bg2 Be7 8. O-O
O-O 9. Be3 c4 10. h3 Bf5 11. Ne5 Bb4 12. g4 Bxc3 13. bxc3 Bg6 14. Bg5 Qd6 15.
Nxg6 hxg6 16. Rb1 b6 17. f3 Nh7 18. Bd2 Rad8 19. e4 f6 20. Qa4 Na5 21. exd5 Qxd5
22. Rbe1 Rf7 23. f4 Qd7 24. Qc2 f5 25. Re5 Nc6 26. Rd5 Qc8 27. Rxd8+ Nxd8 28. g5
Qd7 29. Re1 Nf8 30. Bc1 Nfe6 31. Qe2 b5 32. h4 Rf8 33. h5 Kf7 34. Qe5 Nc7 35. h6
Kg8 36. Qc5 Nce6 37. Qb4 Re8 38. hxg7 Kxg7 39. Kf2 a6 40. d5 Nc7 41. Rxe8 Nxe8
42. Ba3 Qf7 43. Qc5 Kh7 44. Qb6 Qd7 45. Qxa6 Nf7 46. Bc5 Qc7 47. Be3 Nfd6 48.
Qa7 Nb7 49. Qb6 Qxb6 50. Bxb6 Kg7 51. Ke3 Kf7 52. Kd4 Ke7 53. a4 bxa4 54. Kxc4
a3 55. Kb3 Kd6 56. Bd4 Nc5+ 57. Kxa3 Nd3 58. c4 Nxf4 59. Bf3 Nd3 60. Kb3 Nc7 61.
Kc3 Nc5 62. Bg7 Nd7 63. Kd4 Na6 64. Bd1 Nac5 65. Bc2 Ke7 66. Be5 Nxe5 67. Kxe5
Nd7+ 68. Kd4 Kd6 69. Ba4 Nc5 70. Be8 Nb3+ 71. Ke3 Na5 72. Kd4 Nb3+ 73. Kc3 Nc5
74. Bxg6 Ke5 75. Kb4 Ne4 76. Kb5 Nxg5 77. Kc6 Ne4 78. Bxf5 Kxf5 79. d6 Nf6 80.
d7 1-0

[Event "Czech Open A 2013"]
[Site "Pardubice CZE"]
[Date "2013.07.22"]
[Round "4.27"]
[White "Arngrimsson,D"]
[Black "Stupak,K"]
[Result "1-0"]
[WhiteElo "2384"]
[BlackElo "2510"]
[EventDate "2013.07.19"]

1. d4 e6 2. c4 Bb4+ 3. Bd2 a5 4. Nc3 Nf6 5. Qc2 d6 6. Nf3 Nc6 7. a3 Bxc3 8. Bxc3
Qe7 9. e4 e5 10. d5 Nb8 11. Bd3 a4 12. c5 O-O 13. Rc1 Bg4 14. cxd6 cxd6 15. Nd2
Nh5 16. Nc4 Nf4 17. Bf1 b5 18. Ne3 Bd7 19. g3 Nh5 20. Be2 Nf6 21. O-O Re8 22.
Bd3 Na6 23. f4 exf4 24. Rxf4 Nh5 25. Rh4 g6 26. Qf2 Nc5 27. Bc2 Qg5 28. Rf1 f6
29. Bd2 Qe5 30. Bc3 Qg5 31. Ng2 Rf8 32. g4 Bxg4 33. Bd2 Qe5 34. Rxg4 Qxb2 35.
Bb4 Rac8 36. Ne3 Qe5 37. Nf5 Kh8 38. Nd4 f5 39. Nc6 Qg7 40. exf5 Nf6 41. Bc3 1-0

[Event "Czech Open A 2013"]
[Site "Pardubice CZE"]
[Date "2013.07.22"]
[Round "4.28"]
[White "Griffiths,R"]
[Black "Boros,De"]
[Result "1/2-1/2"]
[WhiteElo "2372"]
[BlackElo "2504"]
[EventDate "2013.07.19"]

1. d4 Nf6 2. c4 e6 3. Nc3 Bb4 4. e3 Ne4 5. Ne2 O-O 6. Bd2 Nxd2 7. Qxd2 d5 8.
cxd5 exd5 9. Nf4 c6 10. Bd3 Bd6 11. O-O Qf6 12. Nfe2 Bf5 13. Bxf5 Qxf5 14. Rab1
Na6 15. a3 Rfe8 16. b4 Nc7 17. Ng3 Qg5 18. Qd3 Re6 19. f4 Qd8 20. e4 dxe4 21.
Ncxe4 Nd5 22. f5 Re8 23. f6 g6 24. Nxd6 Qxd6 25. Ne4 Rxe4 26. Qxe4 Nc3 27. Qe5
Qxe5 28. dxe5 Nxb1 29. Rxb1 Rd8 30. b5 c5 31. b6 a6 32. Kf2 Rd5 33. g4 h6 34. h4
Kf8 35. Re1 g5 36. hxg5 hxg5 37. Re4 Ke8 38. e6 Rd2+ 39. Ke1 Rd6 40. exf7+ Kxf7
41. Re7+ Kxf6 42. Rxb7 Ke5 43. Rc7 Rxb6 44. Rxc5+ Kf4 45. Rc4+ Ke3 46. Rc3+ Kf4
47. Rc4+ Kf3 48. Kd2 Rf6 49. Ra4 Rc6 50. Kd3 Rh6 51. Kd2 Rd6+ 52. Kc3 Ke3 53.
Rc4 Rd3+ 54. Kb4 a5+ 55. Ka4 Rd5 56. Rc3+ Ke4 57. Rc4+ Kf3 58. Kb3 Re5 59. Ka4
Rd5 60. Kb3 Re5 61. Ka4 Re3 62. Rd4 Kg3 63. Rd5 Kxg4 64. Rxa5 Re4+ 65. Kb3 Kf4
66. Ra8 g4 67. Rf8+ Ke3 68. Rg8 Kf3 69. a4 g3 70. a5 g2 71. a6 Re8 72. Rxg2 Kxg2
73. Kb4 Kf3 74. Kc5 Ke4 75. a7 Kd3 76. Kb6 Kc4 77. Kb7 Re7+ 78. Kb6 Re6+ 79. Kb7
Kb5 80. a8=Q Re7+ 81. Kc8 Re8+ 1/2-1/2

[Event "Czech Open A 2013"]
[Site "Pardubice CZE"]
[Date "2013.07.22"]
[Round "4.29"]
[White "Chos,A"]
[Black "Neverov,V"]
[Result "0-1"]
[WhiteElo "2362"]
[BlackElo "2492"]
[EventDate "2013.07.19"]

1. d4 g6 2. e4 Bg7 3. c4 d6 4. h3 Nc6 5. Nf3 e5 6. dxe5 dxe5 7. Bd2 Nge7 8. Nc3
Nd4 9. Nh2 O-O 10. g4 Nec6 11. Nd5 Ne6 12. Nf3 Ncd4 13. Nxd4 Nxd4 14. Bg2 c6 15.
Nc3 Be6 16. b3 Qh4 17. O-O Rad8 18. Qc1 h6 19. f3 f5 20. Be1 Qe7 21. Bg3 b5 22.
cxb5 cxb5 23. Qb2 Qc5 24. Kh1 b4 25. Na4 Qb5 26. gxf5 gxf5 27. Bh4 Rc8 28. Rac1
Kh7 29. Be7 Rxc1 30. Rxc1 Rf7 31. Bd6 fxe4 32. fxe4 Qd3 33. Nc5 Qg3 34. Qxd4
Bxh3 35. Qd2 Rf4 36. Be7 Bf8 37. Bd8 Rf2 38. Qxf2 Qxf2 39. Bxh3 Bxc5 40. Rf1 Qe2
41. Rf7+ Kg6 42. Rf6+ Kg7 43. Rf1 Qxe4+ 44. Bg2 Qe2 45. Kh2 Bd6 46. Bf6+ Kg6 47.
Bh4 e4+ 48. Kh1 Qg4 49. Be1 Qh5+ 50. Kg1 Qh2+ 0-1

[Event "Czech Open A 2013"]
[Site "Pardubice CZE"]
[Date "2013.07.22"]
[Round "4.30"]
[White "Harika,D"]
[Black "Savitskiy,S"]
[Result "1/2-1/2"]
[WhiteElo "2489"]
[BlackElo "2351"]
[EventDate "2013.07.19"]

1. d4 Nf6 2. c4 g6 3. Nc3 Bg7 4. e4 d6 5. Nf3 O-O 6. h3 e5 7. d5 Nh5 8. g3 f5 9.
exf5 gxf5 10. Ng5 Nf6 11. g4 Qe7 12. Qc2 e4 13. gxf5 Bxf5 14. Be3 Na6 15. O-O-O
c6 16. Rg1 Kh8 17. Kb1 Rac8 18. Qd2 cxd5 19. cxd5 Nc5 20. Ne6 1/2-1/2

[Event "Czech Open A 2013"]
[Site "Pardubice CZE"]
[Date "2013.07.22"]
[Round "4.31"]
[White "Sergeyev,A"]
[Black "Lalic,B"]
[Result "0-1"]
[WhiteElo "2368"]
[BlackElo "2489"]
[EventDate "2013.07.19"]

1. d4 Nf6 2. Nf3 e6 3. Bg5 h6 4. Bf4 b6 5. e3 Bb7 6. Bd3 Nh5 7. O-O Be7 8. Nbd2
O-O 9. Ne5 Nxf4 10. exf4 d6 11. Ng4 Re8 12. Re1 Bf8 13. Re3 Nd7 14. Rg3 g6 15.
h4 h5 16. Ne3 Qxh4 17. f5 exf5 18. Nxf5 Qf4 19. Nf3 Nf6 20. Ng5 Ne4 21. Nxe4
Bxe4 22. Bxe4 Rxe4 23. Qxh5 Re6 24. Rg4 Qd2 25. Ne3 Bg7 26. Qb5 Rxe3 27. fxe3
Qxe3+ 28. Kh2 Bxd4 29. Qd5 Qe5+ 30. Qxe5 Bxe5+ 31. g3 Bxb2 32. Re1 Be5 33. Kg2
b5 34. Rb1 c6 35. a4 a6 36. c4 bxa4 37. c5 dxc5 38. Rxa4 Bc3 39. Rb6 a5 40. Rxc6
Bb4 41. Rc7 Kg7 42. g4 Kf6 43. Kf3 Rd8 44. Ra1 Kg5 45. Rxf7 c4 46. Rb7 Rd3+ 47.
Ke4 Rg3 48. Rb5+ Kxg4 49. Rh1 c3 50. Rh6 c2 51. Rxg6+ Kh3 52. Rh5+ Kg2 53. Rc6
Bc3 54. Rch6 c1=Q 0-1